000 00565nam a22002057a 4500
003 Ost
005 20260318034146.0
008 260318b |||||||| |||| 00| 0 eng d
020 _a9789811592539
040 _cBT-PhCST
050 _a25830-25832
082 _222
_a629.2293
_bPAT
100 _aPatel, Nil.
245 _aElectric vehicles :
_bmodern technologies and trends /
260 _aSingapore :
_bSpringer,
_cc2021.
300 _axiv, 285 p. :
_bill. ;
_c23 cm.
700 _aKumar, Akash Bhoi.
700 _aPadmanaban, Sanjeevikumar.
942 _2ddc
_cEE
999 _c10220
_d10220